Anagrames - Pays - 1 - Statistiques

Statistiques générales
  • Ce quiz a été pris 208 fois
  • Le résultat moyen est 104 sur 197
Statistiques - réponses
HINT ANSWER % Correct
idijF Fidji
99%
aeVeuznle Venezuela
98%
uiesSs Suisse
85%
ueovlaeledZlé-Nn Nouvelle-Zélande
82%
saLo Laos
81%
éMotgrnéno Monténégro
80%
uasdnrHo Honduras
76%
Treqiuu Turquie
76%
nénBi Bénin
75%
niaakPts Pakistan
75%
pqReque btluhuèiéc République tchèque|Tchéquie
75%
Nriéiag Nigéria
73%
rPuéo Pérou
72%
ernitnAeg Argentine
71%
ialqvoeuS Slovaquie
71%
Tazinean Tanzanie
71%
aBkiaoFrnsu Burkina Faso
70%
eDnamrka Danemark
70%
ïaitH Haïti
70%
ruyaUgu Uruguay
70%
Buothan Bhoutan
69%
eioBivl Bolivie
69%
aatrQ Qatar
69%
seRuis Russie
69%
yebLi Libye
68%
goTo Togo
68%
rNuau Nauru
67%
èoeNrvg Norvège
67%
unSoda Soudan
67%
émAnire Arménie
66%
dbeaCogm Cambodge
66%
oiHgren Hongrie
66%
naLib Liban
66%
incaVta Vatican
66%
amnO Oman
65%
uCba Cuba
64%
rÉuetqua Équateur
64%
aauyGn Guyana
64%
fnihsgAaant Afghanistan
63%
tVCpare Cap Vert
63%
morgubuxLe Luxembourg
63%
wMaail Malawi
63%
alidMvoe Moldavie
63%
Ngier Niger
63%
amaSo Samoa
63%
olsaPa Palaos
62%
yauaagrP Paraguay
62%
uieinsT Tunisie
62%
iérgeAl Algérie
61%
nAdrero Andorre
61%
oRPotrico Porto Rico
61%
Rwdnaa Rwanda
61%
aSégnél Sénégal
61%
azerïnabAdj Azerbaïdjan
60%
Bwatsoan Botswana
60%
Goanb Gabon
60%
Yeném Yémen
60%
chtteneiensLi Liechtenstein
59%
Bsahmaa Bahamas
58%
Ciihl Chili
58%
Éteopihi Éthiopie
58%
néiGue Guinée
58%
xqueMei Mexique
58%
nmUiaoyR-eu Royaume-Uni
58%
aanadC Canada
57%
yÉetpg Égypte
57%
nIedosiné Indonésie
57%
cMoona Monaco
57%
oueizMabmq Mozambique
57%
maanaP Panama
57%
éelSniov Slovénie
57%
nTladeïah Thaïlande
57%
Érrtéhey Érythrée
56%
ilisaMae Malaisie
56%
Mial Mali
56%
eaMlt Malte
56%
eezliB Belize
55%
ngoCo Congo
55%
RaCtoa csi Costa Rica
55%
uDqioneim Dominique
55%
paenEgs Espagne
55%
cèrGe Grèce
55%
arIn Iran
55%
ïquJamae Jamaïque
55%
aSa nrkiL Sri Lanka
55%
ierSy Syrie
55%
goalAn Angola
54%
iehnC Chine
54%
raIk Irak
54%
skaKnhtaaz Kazakhstan
54%
Tgnoa Tonga
54%
wmieabbZ Zimbabwe
54%
eïBhar Bahreï
53%
lsériB Brésil
53%
prhCye Chypre
53%
sCeormo Comores
53%
danienFl Finlande
53%
cnFare France
53%
aibGem Gambie
53%
aendIsl Islande
53%
noaJp Japon
53%
caroM Maroc
53%
agOaund Ouganda
53%
meZbia Zambie
53%
egllnemaA Allemagne
52%
d Coéd Su reu Corée du Sud
52%
iJordean Jordanie
52%
iriKbita Kiribati
52%
rgaacdMsaa Madagascar
52%
èudeS Suède
52%
qieBlegu Belgique
51%
oC'ôtid reeIv Côte d'Ivoire
51%
Éti sasibmara nrues Émirats arabes unis
51%
oeniteLt Lettonie
51%
Okniabtuézs Ouzbékistan
51%
nriiStMa-an Saint-Marin
51%
yhlceelSes Seychelles
51%
aanselBhgd Bangladesh
50%
hnaaG Ghana
50%
denI Inde
50%
eyKan Kenya
50%
saas-yBP Pays-Bas
50%
Proaltgu Portugal
50%
onRuimea Roumanie
50%
wTaanï Taïwan
50%
dhTac Tchad
50%
kUaneir Ukraine
50%
iuasiGsunBeé- Guinée-Bissau
49%
Ngacaiaru Nicaragua
49%
Bmueerds Bermudes
48%
onvrézsieHne-oBieg Bosnie-Herzégovine
48%
rdinBuu Burundi
48%
érgGoei Géorgie
48%
laash elMrÎls Îles Marshall
48%
aelmsnooÎlS Îles Salomon
48%
sarIlë Israël
48%
aItile Italie
48%
vsMaidle Maldives
48%
pNlaé Népal
48%
aunVtua Vanuatu
48%
oDiutibj Djibouti
47%
Eiseton Estonie
47%
wtoKeï Koweït
47%
oteLhos Lesotho
47%
Nameiib Namibie
47%
omcolduuqr douRegué itipéaC benq République démocratique du Congo
47%
ninioep qduRmiceiébula République dominicaine
47%
ulavTu Tuvalu
47%
rGedaen Grenade
46%
aéleeuoG antqiuiré Guinée équatoriale
46%
ltGeauaam Guatemala
45%
atiLneiu Lituanie
45%
igoeMlno Mongolie
45%
lppPineisih Philippines
45%
erL enioSera Sierra Leone
45%
uiudqASedruf Afrique du Sud
43%
tn-itUasÉ États-Uni
43%
narMyam Myanmar
43%
iarSnmue Suriname
43%
ianTjidtsak Tadjikistan
43%
rCtieenraqfu Centrafrique|République centrafricaine
42%
eiPalu--GeusauNeoivlnoéep Papouasie-Nouvelle-Guinée
42%
bSerei Serbie
42%
tksmnaréunTi Turkménistan
42%
iAertsual Australie
41%
Cleoobim Colombie
41%
aiiébLr Libéria
41%
niMateariu Mauritanie
41%
binAael Albanie
40%
Khtrgsizinai Kirghizistan
40%
éiuN Niué
40%
rSgopunia Singapour
40%
emaolSi Somalie
40%
cuheritA Autriche
39%
eilBruag Bulgarie
39%
emuCarno Cameroun
39%
trCaioe Croatie
37%
oPenglo Pologne
37%
nSdS uuuoda d Soudan du Sud
37%
urBnié Brunéi
36%
daabrBe Barbade
35%
Eastwiin Eswatini
35%
uLteScnaie-i Sainte-Lucie
35%
reIldan Irlande
34%
itnBd-eArgtuaaba-u Antigua-et-Barbuda
32%
die ocnorNd Muéda Macédoine du Nord
30%
V-ntalGenSdeiin-esat-tecenrni Saint-Vincent-et-les Grenadine
27%
a-cmeoe iSitpP-roéTn Sao Tomé-et-Principe
27%
otnéeiitgbTo-Tra- Trinité-et-Tobago
27%
maeit NV Viet Nam
27%
llEr aovSda El Salvador
26%
édeodsÉt écsrféitéer sinaM États fédérés de Micronésie
24%
uéaBrls Bélarus
18%
tm eirilnraTOo Timor Oriental
16%
atte-enSsKitistvi--N Saint-Kitts-et-Nevis
8%
tiuiaaerbsdoAe Arabie saoudite
7%
oérecbe léCiRréoieo puqiduuqm uratppale République populaire démocratique Corée|Corée du Nord
6%
Aucun quiz correspondant
Distribution des résultats
% des personnes avec chaque résultat
Percentile par nombre de réponses
Votre historique - résultats
Vous n’avez pas pris ce quiz